02222nam a2200337Ii 4500001001300000003000600013005001700019008004100036015001900077016001800096020002900114035002100143040015500164041001300319043001200332050003000344100003200374240002000406245008200426264004000508300003600548500004300584505012100627520093900748546003301687648001401720650004601734651002001780655005001800700003401850ocn902657542OCoLC20250325160654.0150202t20152015enkb 000 1 eng d aGBB5A52422bnb7 a0174716402Uk a9781780748719qsoftcover a(OCoLC)902657542 aYDXCPbengerdacYDXCPdBTCTAdOCLCQdBDXdOCLCQdJHEdZHBdIWEdUABdOCLCFdOCLdLTPdOCLCOdFEMdOCLdSFRdOCLCQdVTUdRCLdNZHWPdUKMGBdNZLPPdUOH1 aenghrus ae-ru--- 4aPG3493.76.D65bL3813 2015 aVodolazkin, E. G.,eauthor.10aLavr.lEnglish.10aLaurus c/ Eugene Vodolazkin ; translated from the Russian by Lisa C. Hayden. 1aLondon, England :bOneworld,c2015. axii, 365 pages :bmap ;c24 cm. aOriginally published in Russian, 2012.0 aProlegomenon — The Book of Cognition — The Book of Renunciation — The Book of Journeys — The Book of Repose. aIt is a time of plague and pestilence, and a young healer, skilled in the art of herbs and remedies, finds himself overcome with grief and guilt when he fails to save the one he holds closest to his heart. Leaving behind his village, his possessions and his name, he sets out on a quest for redemption, penniless and alone. But this is no ordinary journey: wandering across plague-ridden Europe, offering his healing powers to all in need, he travels through ages and countries, encountering a rich tapestry of wayfarers along the way. Accosted by highwaymen, lynched in Yugoslavia and washed overboard at sea, he eventually reaches Jerusalem, only to find his greatest challenge is yet to come. Winner of two of the biggest literary prizes in Russia, Laurus is a remarkably rich novel about the eternal themes of love, loss, self-sacrifice and faith, from one of the country’s most experimental and critically acclaimed novelists. aTranslated from the Russian. 0a1400-1499 0aPhysiciansvFictionzRussiay15th century 0aRussiavFiction 0aHistorical fiction2fast0(OCoLC)fst01726640. aHayden, Lisa C.,etranslator.